Cuentos imprudentes /
Zapisane w:
| 1. autor: | |
|---|---|
| Format: | Nieznany |
| Język: | Spanish |
| Wydane: |
San José, Costa Rica :
Editorial Universitaria Centroamericana,
c1996.
|
| Seria: | (Colección Séptimo Día)
|
| Hasła przedmiotowe: | |
| Etykiety: |
Dodaj etykietę
Nie ma etykietki, Dołącz pierwszą etykiete!
|
MARC
| LEADER | 000000000a22000000004500 | ||
|---|---|---|---|
| 001 | 003302 | ||
| 020 | |a 9977302618 | ||
| 041 | 0 | |a spa | |
| 082 | 0 | 4 | |a Ar863.44 |b B732c |
| 100 | 1 | |a Borghi, Claudio A. | |
| 245 | 1 | 0 | |a Cuentos imprudentes / |c Claudio A. Borghi. |
| 260 | 1 | |a San José, Costa Rica : |b Editorial Universitaria Centroamericana, |c c1996. | |
| 300 | |a 94 páginas ; |c 17 cm. | ||
| 490 | 1 | |a (Colección Séptimo Día) | |
| 650 | 4 | |a LITERATURA ARGENTINA | |
| 650 | 4 | |a CUENTO | |
| 999 | |c 9554 |d 9554 | ||
| 942 | |c BK |h Ar863.44 B732c |2 z | ||



